| 000 | 00765nam a2200205 i 4500 | ||
|---|---|---|---|
| 001 | 187185 | ||
| 003 | SpMaBN | ||
| 005 | 20250821063116.0 | ||
| 008 | 170428s1911 sp |||| | spa d | ||
| 080 | _a821.134.2-31"18" | ||
| 100 | 1 |
_aGómez, Valentín, _d1843-1907 _9153093 |
|
| 245 | 1 | 3 |
_aEl hijo del labriego / _cpor Valentín Gómez. |
| 260 |
_aMadrid : _bAdministración del Apostolado de la Prensa, _c1911. |
||
| 300 |
_a598 p. ; _c19 cm. |
||
| 490 | 1 | _aBiblioteca del Apostolado de la Prensa | |
| 710 | 2 |
_aApostolado de la Prensa. _91403 |
|
| 830 | 0 |
_aBiblioteca del Apostolado de la Prensa _9225530 |
|
| 852 |
_aES-MaACL _jL-31519 _z- enc. cart. _z. - Donat. herederos de la bibl. de Mª del Pilar Costa Palacín |
||
| 999 |
_c187185 _d187185 |
||